[Event "Norte e Nordeste-ch U2000"]
[Site "Fortaleza"]
[Date "2022.04.16"]
[Round "4"]
[White "Amancio, Arnaldo Regis"]
[Black "Da Silva, Francisco Iran Sant"]
[Result "0-1"]
[WhiteElo "1958"]
[BlackElo "1825"]
[PlyCount "112"]
[EventDate "2022.04.15"]
[EventType "swiss"]
[EventRounds "6"]
[EventCountry "BRA"]
[SourceTitle "EXT 2023"]
[Source "ChessBase"]
[SourceDate "2022.10.05"]
[SourceVersion "1"]
[SourceVersionDate "2022.10.05"]
[SourceQuality "1"]

1. d4 e6 2. c4 Bb4+ 3. Bd2 c5 4. Nf3 Nf6 5. g3 Nc6 6. Bxb4 cxb4 7. Bg2 d5 8. Nbd2 0-0 9. 0-0 Rb8 10. Re1 Qb6 11. e3 a5 12. Qc2 Bd7 13. c5 Qd8 14. e4 Ne8 15. Rad1 Nc7 16. Nf1 Qf6 17. Ne3 h5 18. Ne5 Nxe5 19. dxe5 Qg6 20. exd5 Qxc2 21. Nxc2 exd5 22. Ne3 Ne6 23. Nxd5 Nxc5 24. Nf4 Be6 25. Nxe6 Nxe6 26. Rd6 Rfc8 27. Be4 Ng5 28. Rd2 Nxe4 29. Rxe4 Rc1+ 30. Kg2 Rbc8 31. e6 fxe6 32. Rxe6 R1c2 33. Red6 Rxd2 34. Rxd2 Rc5 35. h4 b5 36. Kf3 a4 37. Ke4 Kf7 38. Kd4 Rc4+ 39. Kd3 Kf6 40. Re2 Rc1 41. Kd2 Rf1 42. Kd3 Ra1 43. Kc2 Rxa2 44. Kb1 b3 45. Re3 a3 46. Rxb3 Rxb2+ 47. Rxb2 axb2 48. Kxb2 Kf5 49. f3 Ke5 50. Kc3 Kd5 51. Kb4 Kd4 52. g4 hxg4 53. fxg4 Ke4 54. h5 Kf4 55. h6 gxh6 56. Kxb5 Kxg4 0-1

[Event "Norte e Nordeste-ch U2000"]
[Site "Fortaleza"]
[Date "2022.04.15"]
[Round "2"]
[White "Amancio, Arnaldo Regis"]
[Black "Lima Filho, Gilberto Faco"]
[Result "0-1"]
[WhiteElo "1958"]
[BlackElo "1955"]
[PlyCount "66"]
[EventDate "2022.04.15"]
[EventType "swiss"]
[EventRounds "6"]
[EventCountry "BRA"]
[SourceTitle "EXT 2023"]
[Source "ChessBase"]
[SourceDate "2022.10.05"]
[SourceVersion "1"]
[SourceVersionDate "2022.10.05"]
[SourceQuality "1"]

1. c4 e5 2. d3 Nf6 3. g3 c6 4. Bg2 Bb4+ 5. Nc3 0-0 6. a3 Bxc3+ 7. bxc3 d6 8. e4 Be6 9. Ne2 Qc8 10. Rb1 h6 11. 0-0 Bh3 12. f4 Bxg2 13. Kxg2 Nbd7 14. Be3 Re8 15. f5 b6 16. Qd2 d5 17. Bxh6 gxh6 18. Qxh6 Qd8 19. g4 Nxg4 20. Qh5 Ne3+ 21. Kh1 Nxf1 22. Rxf1 Qf6 23. Rg1+ Kf8 24. cxd5 Ke7 25. dxc6 Rh8 26. Qf3 Qxc6 27. d4 Qh6 28. Rg2 Rag8 29. Ng3 f6 30. Qd3 Qc1+ 31. Rg1 Qf4 32. d5 Rxh2+ 33. Kxh2 Qf2+ 0-1

[Event "Fortaleza Inelsa op"]
[Site "Fortaleza"]
[Date "2015.09.30"]
[Round "4"]
[White "Memoria Hyppolito, Filho Archi"]
[Black "Amancio, Arnaldo Regis"]
[Result "0-1"]
[WhiteElo "2024"]
[BlackElo "1955"]
[PlyCount "60"]
[EventDate "2015.09.26"]
[EventType "swiss"]
[EventRounds "7"]
[EventCountry "BRA"]
[SourceTitle "EXT 2017"]
[Source "ChessBase"]
[SourceDate "2016.10.25"]
[SourceVersion "1"]
[SourceVersionDate "2016.10.25"]
[SourceQuality "1"]

1. d4 Nf6 2. Bg5 e6 3. e4 Be7 4. Nd2 d5 5. e5 Nfd7 6. Be3 c5 7. c3 Nc6 8. Ngf3 0-0 9. Bd3 cxd4 10. cxd4 f6 11. exf6 Nxf6 12. 0-0 Bd6 13. Rc1 Ng4 14. Bxh7+ Kxh7 15. Ng5+ Kg8 16. Qxg4 Qe8 17. Qh4 Qg6 18. f4 Qd3 19. Rf3 Rf6 20. Rc3 Qg6 21. Rh3 Qh6 22. Qg4 Qg6 23. Rh7 Kf8 24. Rh8+ Ke7 25. Qh4 Nxd4 26. Rcxc8 Rxc8 27. Rxc8 Qd3 28. Bxd4 Qxd4+ 29. Qf2 Qxf2+ 30. Kxf2 Bxf4 0-1

[Event "Fortaleza Inelsa op"]
[Site "Fortaleza"]
[Date "2015.09.29"]
[Round "3"]
[White "De Araujo, Jose Claudio"]
[Black "Amancio, Arnaldo Regis"]
[Result "0-1"]
[WhiteElo "1820"]
[BlackElo "1955"]
[PlyCount "70"]
[EventDate "2015.09.26"]
[EventType "swiss"]
[EventRounds "7"]
[EventCountry "BRA"]
[SourceTitle "EXT 2017"]
[Source "ChessBase"]
[SourceDate "2016.10.25"]
[SourceVersion "1"]
[SourceVersionDate "2016.10.25"]
[SourceQuality "1"]

1. d4 Nf6 2. c4 c5 3. d5 b5 4. cxb5 a6 5. bxa6 g6 6. e3 d6 7. Nf3 Bxa6 8. Bxa6 Rxa6 9. 0-0 Bg7 10. Nc3 0-0 11. Qc2 Nbd7 12. h3 Qa8 13. Rd1 Rb8 14. e4 Ne8 15. Bg5 Kf8 16. b3 Nc7 17. Rab1 Qb7 18. Qd2 Bh8 19. Rdc1 Qb4 20. Na4 Qb7 21. Qf4 Nb5 22. Bh6+ Kg8 23. Ng5 Bf6 24. Rb2 Ne5 25. Rd2 Nd4 26. Qe3 Nb5 27. f4 Nd7 28. Nf3 Nd4 29. Nh2 Nb6 30. Nxb6 Qxb6 31. e5 Nf5 32. Qc3 c4+ 33. Kf1 Bh4 34. Bg5 Ng3+ 35. Qxg3 Bxg3 0-1

[Event "Fortaleza zt CE"]
[Site "Fortaleza"]
[Date "2015.05.22"]
[Round "1"]
[White "Amancio, Arnaldo Regis"]
[Black "Da Sousa, Virginio Aleixo"]
[Result "1-0"]
[WhiteElo "1966"]
[BlackElo "1464"]
[PlyCount "48"]
[EventDate "2015.05.22"]
[EventType "swiss"]
[EventRounds "5"]
[EventCountry "BRA"]
[SourceTitle "CBM 166 Extra"]
[Source "ChessBase"]
[SourceDate "2015.06.18"]
[SourceVersion "1"]
[SourceVersionDate "2015.06.18"]
[SourceQuality "1"]

1. d4 d6 2. c4 Nf6 3. Nc3 g6 4. e4 Bg7 5. h3 0-0 6. Bg5 c5 7. d5 Nbd7 8. Nf3 a6 9. Be2 Re8 10. 0-0 Nb6 11. Qd2 Kh8 12. Bh6 Bxh6 13. Qxh6 Ng8 14. Qf4 f6 15. Nh2 Rf8 16. Qg3 Rf7 17. f4 Qf8 18. e5 e6 19. Rad1 f5 20. Nf3 Bd7 21. Ng5 dxe5 22. Nxf7+ Qxf7 23. fxe5 exd5 24. cxd5 Na4 1-0

[Event "Recife Arraes Memorial 8th"]
[Site "Recife"]
[Date "2015.05.03"]
[Round "5"]
[White "Memoria Hyppolito Filho, Archime"]
[Black "Amancio, Arnaldo Regis"]
[Result "1/2-1/2"]
[WhiteElo "2046"]
[BlackElo "1966"]
[PlyCount "71"]
[EventDate "2015.05.01"]
[EventType "swiss"]
[EventRounds "6"]
[EventCountry "BRA"]
[SourceTitle "EXT 2018"]
[Source "ChessBase"]
[SourceDate "2017.10.13"]
[SourceVersion "1"]
[SourceVersionDate "2017.10.13"]
[SourceQuality "1"]

1. d4 Nf6 2. Nf3 d5 3. Bg5 Ne4 4. Bf4 c5 5. c3 Nc6 6. e3 e6 7. Nbd2 Nxd2 8. Qxd2 Bd6 9. Bg3 a6 10. Bd3 b5 11. 0-0 Bxg3 12. hxg3 Qb6 13. b4 c4 14. Bc2 a5 15. a3 0-0 16. e4 axb4 17. axb4 Bd7 18. Qf4 Ne7 19. Qh4 Ng6 20. Qh5 dxe4 21. Ng5 h6 22. Nxe4 Bc6 23. Rfe1 Ne7 24. g4 Qc7 25. g5 Rxa1 26. Rxa1 Bxe4 27. Bxe4 Qf4 28. Qe2 Qxg5 29. g3 Nd5 30. Qf3 Qd2 31. Rd1 Qg5 32. Ra1 Qd2 33. Rd1 Qb2 34. Bxd5 exd5 35. Qxd5 Qxc3 36. Qxb5 1/2-1/2

[Event "Recife Arraes Memorial 8th"]
[Site "Recife"]
[Date "2015.05.01"]
[Round "2"]
[White "Amancio, Arnaldo Regis"]
[Black "Macedo, Maximo Iack Miranda"]
[Result "0-1"]
[WhiteElo "1966"]
[BlackElo "2314"]
[PlyCount "36"]
[EventDate "2015.05.01"]
[EventType "swiss"]
[EventRounds "6"]
[EventCountry "BRA"]
[SourceTitle "EXT 2016"]
[Source "ChessBase"]
[SourceDate "2015.10.08"]
[SourceVersion "1"]
[SourceVersionDate "2015.10.08"]
[SourceQuality "1"]

1. d4 d5 2. c4 e6 3. Nc3 Bb4 4. e3 Nf6 5. a3 Bxc3+ 6. bxc3 c6 7. Bd3 0-0 8. Nf3 b6 9. 0-0 Ba6 10. Ne5 Nfd7 11. Nxd7 Nxd7 12. Bb1 Bxc4 13. Re1 f5 14. f3 Qh4 15. Bd2 Rf6 16. e4 fxe4 17. fxe4 Qf2+ 18. Kh1 Bf1 0-1

[Event "Fortaleza Pompeu de Sousa Memoria"]
[Site "Fortaleza"]
[Date "2015.03.29"]
[Round "5.3"]
[White "Amancio, Arnaldo Regis"]
[Black "Nunes, Moezio Correia"]
[Result "1-0"]
[WhiteElo "1948"]
[BlackElo "1739"]
[PlyCount "41"]
[EventDate "2015.03.27"]
[EventType "swiss"]
[EventRounds "5"]
[EventCountry "BRA"]
[SourceTitle "EXT 2022"]
[Source "ChessBase"]
[SourceDate "2021.10.06"]
[SourceVersion "1"]
[SourceVersionDate "2021.10.06"]
[SourceQuality "1"]

1. e4 c5 2. Nf3 Nc6 3. d4 cxd4 4. Nxd4 Nf6 5. Nc3 e6 6. Be3 Bb4 7. Bd3 0-0 8. 0-0 Ne5 9. Qe2 a6 10. Kh1 Qc7 11. f4 Nxd3 12. cxd3 Qa5 13. f5 exf5 14. Rxf5 b5 15. Rxf6 gxf6 16. Nd5 Kh8 17. Rf1 Rg8 18. Nxf6 Rg6 19. Qh5 h6 20. Bxh6 Qxa2 21. Bf8+ 1-0

[Event "Fortaleza Alves Memorial 19th"]
[Site "Fortaleza"]
[Date "2014.05.17"]
[Round "4"]
[White "Macedo, Maximo Valerio"]
[Black "Amancio, Arnaldo Regis"]
[Result "1/2-1/2"]
[WhiteElo "2102"]
[BlackElo "1925"]
[PlyCount "74"]
[EventDate "2014.05.16"]
[EventType "swiss"]
[EventRounds "6"]
[EventCountry "BRA"]
[SourceTitle "CBM 160 Extra"]
[Source "ChessBase"]
[SourceDate "2014.07.01"]
[SourceVersion "1"]
[SourceVersionDate "2014.07.01"]
[SourceQuality "1"]

1. e4 e6 2. d4 d5 3. Nc3 Bb4 4. e5 c5 5. a3 Bxc3+ 6. bxc3 Ne7 7. Qg4 Qc7 8. Qxg7 Rg8 9. Qxh7 cxd4 10. Kd1 Nbc6 11. f4 Bd7 12. Nf3 0-0-0 13. Qd3 dxc3 14. Nd4 Nxd4 15. Qxd4 Kb8 16. Qf2 Ba4 17. Bd3 d4 18. h4 Nd5 19. Rh3 Qb6 20. Ke1 Ne3 21. Rxe3 dxe3 22. Bxe3 Qc6 23. Bxa7+ Ka8 24. Bb6 Rxg2 25. Qe3 Rxd3 26. cxd3 Rh2 27. Qg3 Qh1+ 28. Qg1 Qxg1+ 29. Bxg1 Rxh4 30. Rc1 Rxf4 31. Rxc3 Kb8 32. Bc5 Bc6 33. Ke2 Kc8 34. Rc1 Rg4 35. Rf1 Rg7 36. Rf4 Bd5 37. Kd2 Kd7 1/2-1/2

[Event "Fortaleza Saboya op"]
[Site "Fortaleza"]
[Date "2014.05.01"]
[Round "3"]
[White "Lemos, Dawton Almino"]
[Black "Amancio, Arnaldo Regis"]
[Result "1-0"]
[WhiteElo "2053"]
[BlackElo "1938"]
[PlyCount "125"]
[EventDate "2014.04.27"]
[EventType "swiss"]
[EventRounds "7"]
[EventCountry "BRA"]
[SourceTitle "CBM 160 Extra"]
[Source "ChessBase"]
[SourceDate "2014.07.01"]
[SourceVersion "1"]
[SourceVersionDate "2014.07.01"]
[SourceQuality "1"]

1. e4 e6 2. d4 d5 3. Nd2 dxe4 4. Nxe4 Nd7 5. Nf3 Ngf6 6. Nxf6+ Nxf6 7. Bg5 Be7 8. Bd3 c5 9. dxc5 Qa5+ 10. Qd2 Qxd2+ 11. Bxd2 Bxc5 12. 0-0 b6 13. Bc3 0-0 14. Ng5 h6 15. Ne4 Be7 16. Nxf6+ Bxf6 17. Bxf6 gxf6 18. Be4 Rb8 19. Rfd1 Bb7 20. Bxb7 Rxb7 21. Rd6 Rc7 22. c3 Rfc8 23. Rad1 Kf8 24. Kf1 Ke7 25. Ke2 Rg8 26. Kf3 Rg5 27. Rd8 Rf5+ 28. Ke2 Re5+ 29. Kf1 h5 30. R1d4 b5 31. Rb8 a5 32. g3 Rd7 33. Rxd7+ Kxd7 34. Rb7+ Ke8 35. Ra7 a4 36. Rb7 Kf8 37. Rd7 Kg7 38. Rd3 f5 39. Re3 Rd5 40. Ke2 Kg6 41. Rd3 Rc5 42. Kd2 e5 43. b4 axb3 44. axb3 Kg5 45. b4 Rc8 46. Rd5 f6 47. Rxb5 Kg4 48. Rb6 Rf8 49. Ke2 Rc8 50. Kd2 Rf8 51. Ra6 Kf3 52. Ke1 h4 53. gxh4 Rh8 54. Rxf6 Rxh4 55. Rxf5+ Ke4 56. Rf8 Rh3 57. Rc8 Rxh2 58. Ke2 Kd5 59. b5 Rh7 60. c4+ Kd4 61. b6 Rb7 62. c5 Kd5 63. Rc7 1-0

[Event "Tiradentes op"]
[Site "Tiradentes"]
[Date "2014.04.20"]
[Round "5"]
[White "Amancio, Arnaldo Regis"]
[Black "Ribeiro, Matheus Cavalcante"]
[Result "0-1"]
[WhiteElo "1938"]
[BlackElo "2162"]
[PlyCount "100"]
[EventDate "2014.04.18"]
[EventType "swiss"]
[EventRounds "7"]
[EventCountry "BRA"]
[SourceTitle "CBM 160 Extra"]
[Source "ChessBase"]
[SourceDate "2014.07.01"]
[SourceVersion "1"]
[SourceVersionDate "2014.07.01"]
[SourceQuality "1"]

1. d4 Nf6 2. c4 e6 3. Nc3 Bb4 4. e3 0-0 5. Bd3 c5 6. a3 Bxc3+ 7. bxc3 Qa5 8. Bd2 d6 9. Qc2 e5 10. f3 Qc7 11. g4 exd4 12. cxd4 cxd4 13. exd4 Re8+ 14. Ne2 Nc6 15. 0-0-0 Rxe2 16. Bxe2 Nxd4 17. Qd3 Nxe2+ 18. Qxe2 Be6 19. Bf4 Nd5 20. Bxd6 Qxd6 21. cxd5 Bxd5 22. Qd3 Qc6+ 23. Kb2 Bxf3 24. Qd8+ Qe8 25. Qxe8+ Rxe8 26. Rhe1 Kf8 27. Rxe8+ Kxe8 28. Rd4 Ke7 29. Kc3 h5 30. g5 Ke6 31. Kd2 Bd5 32. a4 Kd6 33. a5 Kc5 34. Kc3 b5 35. h4 a6 36. Rf4 Be6 37. Rd4 Bc4 38. Re4 b4+ 39. Kb2 Kb5 40. Re5+ Ka4 41. Rc5 Be6 42. Re5 g6 43. Rc5 b3 44. Re5 Kb4 45. Kc1 Ka3 46. Re3 Bc4 47. Kb1 Kb4 48. Re5 Kc3 49. Re3+ Bd3+ 50. Rxd3+ Kxd3 0-1

[Event "Farias Brito Cearense-ch 55th"]
[Site "Farias Brito"]
[Date "2013.12.15"]
[Round "6"]
[White "Amancio, Arnaldo Regis"]
[Black "Nogueira, Jorge da Silva"]
[Result "1-0"]
[WhiteElo "1976"]
[BlackElo "1608"]
[PlyCount "35"]
[EventDate "2013.12.12"]
[EventType "swiss"]
[EventRounds "6"]
[EventCountry "BRA"]
[SourceTitle "CBM 158 Extra"]
[Source "ChessBase"]
[SourceDate "2014.02.28"]
[SourceVersion "1"]
[SourceVersionDate "2014.02.28"]
[SourceQuality "1"]

1. d4 d5 2. c4 c6 3. Nc3 e6 4. Nf3 Nd7 5. Bf4 Ngf6 6. e3 a6 7. Bd3 Qb6 8. Qc2 Be7 9. 0-0 0-0 10. Qe2 c5 11. cxd5 cxd4 12. exd4 Re8 13. Na4 Qa5 14. dxe6 fxe6 15. Qxe6+ Kh8 16. Ng5 Nf8 17. Nf7+ Kg8 18. Nh6+ 1-0

[Event "Farias Brito Cearense-ch 55th"]
[Site "Farias Brito"]
[Date "2013.12.14"]
[Round "4"]
[White "Amancio, Arnaldo Regis"]
[Black "Pinheiro, Jose Welliton"]
[Result "1-0"]
[WhiteElo "1976"]
[BlackElo "1647"]
[PlyCount "39"]
[EventDate "2013.12.12"]
[EventType "swiss"]
[EventRounds "6"]
[EventCountry "BRA"]
[SourceTitle "CBM 158 Extra"]
[Source "ChessBase"]
[SourceDate "2014.02.28"]
[SourceVersion "1"]
[SourceVersionDate "2014.02.28"]
[SourceQuality "1"]

1. d4 d5 2. c4 e6 3. Nc3 Nf6 4. Nf3 dxc4 5. e3 Bb4 6. Bxc4 c5 7. 0-0 cxd4 8. exd4 a6 9. Bg5 Be7 10. a4 0-0 11. Re1 Qa5 12. d5 Nxd5 13. Nxd5 Bxg5 14. Nxg5 exd5 15. Bxd5 h6 16. Nxf7 Kh7 17. Qd3+ g6 18. Re7 Qc5 19. Ng5+ Kh8 20. Rh7# 1-0

[Event "Fortaleza Borges Memorial 11th"]
[Site "Fortaleza"]
[Date "2013.12.07"]
[Round "6.7"]
[White "Sousa Rodrigues, Vanessa Ketlyn"]
[Black "Amancio, Arnaldo Regis"]
[Result "1/2-1/2"]
[WhiteElo "1760"]
[BlackElo "1976"]
[PlyCount "132"]
[EventDate "2013.11.26"]
[EventType "swiss"]
[EventRounds "6"]
[EventCountry "BRA"]
[SourceTitle "EXT 2022"]
[Source "ChessBase"]
[SourceDate "2021.10.06"]
[SourceVersion "1"]
[SourceVersionDate "2021.10.06"]
[SourceQuality "1"]

1. e4 e6 2. d4 d5 3. exd5 exd5 4. Nf3 Nf6 5. Be2 Bd6 6. 0-0 0-0 7. Bg5 h6 8. Bh4 Bf5 9. Re1 Nbd7 10. Nbd2 c6 11. c4 dxc4 12. Bxc4 Qb6 13. Qb3 Qxb3 14. Bxb3 g5 15. Bg3 Bxg3 16. hxg3 g4 17. Ne5 Nb6 18. f3 Rad8 19. fxg4 Nxg4 20. Nxg4 Bxg4 21. Re4 Bf5 22. Rf4 Bg6 23. Ne4 Bxe4 24. Rxe4 Rd7 25. Rg4+ Kh8 26. Re1 Rg8 27. Rf4 Kg7 28. Kf2 Rgd8 29. a3 Kf8 30. Rh1 Nd5 31. Rfh4 Nf6 32. Rf4 Kg7 33. Rd1 c5 34. Ke3 Re8+ 35. Kf3 Red8 36. Ke3 cxd4+ 37. Rfxd4 Rxd4 38. Rxd4 Rxd4 39. Kxd4 Nh5 40. Kc5 Nxg3 41. Bd5 Nf5 42. Bxb7 Kf6 43. a4 Ke7 44. b4 Kd7 45. a5 Kc7 46. a6 h5 47. Kd5 Nd6 48. Bc6 Nc8 49. b5 Kd8 50. Ke5 Ke7 51. Kf5 Nb6 52. Kg5 h4 53. Kxh4 Nc4 54. Kg5 Na5 55. Kf5 Nc4 56. Ke4 Nb6 57. Kd4 Kd6 58. g3 f6 59. g4 Na4 60. Ke4 Ke6 61. Kf4 Nb6 62. Ke4 Nc8 63. Bd5+ Kd6 64. Bc6 Nb6 65. Kd4 Nc8 66. Ke4 Nb6 1/2-1/2

[Event "Fortaleza Alves memorial 17th"]
[Site "Fortaleza"]
[Date "2013.05.18"]
[Round "4"]
[White "Lima Neto, Pedro"]
[Black "Amancio, Arnaldo Regis"]
[Result "1/2-1/2"]
[WhiteElo "2060"]
[BlackElo "1940"]
[PlyCount "39"]
[EventDate "2013.05.17"]
[EventType "swiss"]
[EventRounds "6"]
[EventCountry "BRA"]
[SourceTitle "CBM 154 Extra"]
[Source "ChessBase"]
[SourceDate "2013.06.25"]
[SourceVersion "2"]
[SourceVersionDate "2013.06.25"]
[SourceQuality "1"]

1. e4 e6 2. d4 d5 3. Nc3 Bb4 4. e5 b6 5. a3 Bxc3+ 6. bxc3 Qd7 7. Qg4 f5 8. Qg3 Ba6 9. Bd3 Bxd3 10. Qxd3 Nc6 11. Ne2 Na5 12. h4 Nc4 13. h5 0-0-0 14. Rh3 Qf7 15. Bg5 Ne7 16. Nf4 Rde8 17. Bxe7 Qxe7 18. a4 a5 19. Ke2 Kb7 20. Qg3 1/2-1/2

[Event "Fortaleza Alves memorial 17th"]
[Site "Fortaleza"]
[Date "2013.05.17"]
[Round "2"]
[White "Caio, Francisco Ferreira"]
[Black "Amancio, Arnaldo Regis"]
[Result "0-1"]
[WhiteElo "1716"]
[BlackElo "1940"]
[PlyCount "104"]
[EventDate "2013.05.17"]
[EventType "swiss"]
[EventRounds "6"]
[EventCountry "BRA"]
[SourceTitle "CBM 154 Extra"]
[Source "ChessBase"]
[SourceDate "2013.06.25"]
[SourceVersion "2"]
[SourceVersionDate "2013.06.25"]
[SourceQuality "1"]

1. e4 e6 2. d4 d5 3. exd5 exd5 4. Nf3 Nf6 5. Be2 Bd6 6. Bg5 Bg4 7. Nc3 c6 8. h3 Bxf3 9. Bxf3 0-0 10. 0-0 Nbd7 11. Qd2 Qc7 12. a3 Rfe8 13. Rfe1 h6 14. Be3 b5 15. Ne2 Nb6 16. b3 Ne4 17. Qd3 a5 18. c3 a4 19. b4 Nc4 20. Bc1 Re7 21. Ra2 Rae8 22. Be3 f5 23. g3 Nxg3 24. Nxg3 Bxg3 25. Rae2 g6 26. Bxh6 Bh4 27. Bc1 Qd6 28. Rxe7 Rxe7 29. Rxe7 Qxe7 30. Qe2 Kf7 31. Qxe7+ Kxe7 32. Be2 Nd6 33. f3 Kf6 34. Kg2 Nf7 35. Bd3 Be1 36. Bb2 Bd2 37. h4 Kg7 38. h5 Ng5 39. Kg3 Ne6 40. hxg6 Kxg6 41. Bf1 Kg5 42. Bh3 Nf4 43. Bf1 Nh5+ 44. Kf2 Kf4 45. Ke2 Be3 46. Bh3 Ng3+ 47. Kd3 Kxf3 48. Bg2+ Kf2 49. Bh3 Bg5 50. Kc2 Ke2 51. Bc1 Bxc1 52. Kxc1 f4 0-1

[Event "Cearenses-ch"]
[Site "Fortaleza"]
[Date "2013.05.??"]
[Round "1"]
[White "Amancio, Arnaldo Regis"]
[Black "Brandao, Marcius Gomes"]
[Result "1-0"]
[WhiteElo "1940"]
[BlackElo "2067"]
[PlyCount "111"]
[EventDate "2013.05.01"]
[EventType "tourn"]
[EventRounds "7"]
[EventCountry "BRA"]
[SourceTitle "EXT 2022"]
[Source "ChessBase"]
[SourceDate "2021.10.06"]
[SourceVersion "1"]
[SourceVersionDate "2021.10.06"]
[SourceQuality "1"]

1. d4 f5 2. Nc3 Nf6 3. Bg5 d5 4. g3 e6 5. Bg2 Bd6 6. Nf3 0-0 7. 0-0 h6 8. Bf4 Bxf4 9. gxf4 Ne4 10. e3 Nd7 11. Nxe4 fxe4 12. Nd2 c5 13. c3 b6 14. f3 exf3 15. Nxf3 Ba6 16. Rf2 Qe7 17. Qd2 Qf6 18. Bh3 Rae8 19. Rg2 Kh8 20. Qc2 g5 21. Kh1 Rg8 22. Rag1 Rg7 23. Rg3 Reg8 24. fxg5 hxg5 25. Bxe6 Qxe6 26. Nxg5 Rxg5 27. Rxg5 Rxg5 28. Rxg5 Qe4+ 29. Qxe4 dxe4 30. Kg2 cxd4 31. cxd4 Bc4 32. a3 Nf6 33. Kg3 Nd5 34. Rxd5 Bxd5 35. Kf4 Kg7 36. Ke5 Bb7 37. d5 Kf7 38. Kxe4 Kf6 39. Kd4 Bc8 40. e4 Bh3 41. e5+ Ke7 42. Ke3 Bg2 43. d6+ Ke6 44. h4 Bc6 45. h5 Kxe5 46. h6 Kf6 47. Kd4 a5 48. b4 axb4 49. axb4 Kg6 50. Ke5 Kxh6 51. Ke6 Kg6 52. d7 Bxd7+ 53. Kxd7 Kf7 54. Kc6 Ke6 55. Kxb6 Kd6 56. b5 1-0

[Event "Cearenses-ch"]
[Site "Fortaleza"]
[Date "2013.05.??"]
[Round "5"]
[White "Amancio, Arnaldo Regis"]
[Black "Ribeiro, Matheus Cavalcante"]
[Result "0-1"]
[WhiteElo "1940"]
[BlackElo "2119"]
[PlyCount "48"]
[EventDate "2013.05.01"]
[EventType "tourn"]
[EventRounds "7"]
[EventCountry "BRA"]
[SourceTitle "EXT 2022"]
[Source "ChessBase"]
[SourceDate "2021.10.06"]
[SourceVersion "1"]
[SourceVersionDate "2021.10.06"]
[SourceQuality "1"]

1. d4 Nf6 2. Nf3 b5 3. Bf4 Bb7 4. e3 a6 5. Nbd2 e6 6. Bd3 c5 7. c4 cxd4 8. cxb5 dxe3 9. Bxe3 axb5 10. Bxb5 Be7 11. 0-0 0-0 12. a4 Nc6 13. Nb3 Nd5 14. Bc5 d6 15. Ba3 Nf4 16. Nbd2 d5 17. Bxe7 Qxe7 18. Re1 Qf6 19. b3 Nb4 20. Nf1 d4 21. Qxd4 Nh3+ 22. Kh1 Qxf3 23. Ne3 Qxf2 24. Re2 Bxg2+ 0-1

[Event "Cearense-ch 54th sf"]
[Site "Fortaleza"]
[Date "2012.12.08"]
[Round "4.5"]
[White "De Lima, Jose Sampaio"]
[Black "Amancio, Arnaldo Regis"]
[Result "1/2-1/2"]
[WhiteElo "2050"]
[BlackElo "1940"]
[PlyCount "95"]
[EventDate "2012.12.07"]
[EventType "swiss"]
[EventRounds "6"]
[EventCountry "BRA"]
[SourceTitle "EXT 2022"]
[Source "ChessBase"]
[SourceDate "2021.10.06"]
[SourceVersion "1"]
[SourceVersionDate "2021.10.06"]
[SourceQuality "1"]

1. Nf3 Nf6 2. d4 g6 3. Nc3 d5 4. Bg5 Bg7 5. Bxf6 Bxf6 6. e4 dxe4 7. Nxe4 Bg7 8. c3 0-0 9. h4 Bg4 10. h5 Bxh5 11. Rxh5 gxh5 12. Nfg5 Qd5 13. Qxh5 Qf5 14. Bd3 h6 15. 0-0-0 Nd7 16. g4 Qf4+ 17. Kb1 Nf6 18. Nxf6+ Qxf6 19. Ne4 Qf3 20. Bc2 Rad8 21. Rh1 Rd5 22. Qh4 f5 23. gxf5 Rdxf5 24. Rg1 R8f7 25. Nc5 Rh5 26. Qg3 Qxg3 27. fxg3 Rf2 28. Ne4 Re2 29. Bd1 Rxe4 30. Bxh5 e5 31. d5 Bf6 32. Rf1 Kg7 33. Kc2 Re3 34. g4 Re2+ 35. Kb3 Rd2 36. c4 a5 37. a4 Rd4 38. Rf2 Rf4 39. Rd2 Be7 40. Rg2 b6 41. Be8 Kf6 42. Rh2 Kg7 43. Bd7 Bd6 44. Bf5 Bc5 45. Rg2 Rf3+ 46. Kc2 Rf2+ 47. Rxf2 Bxf2 48. Kd3 1/2-1/2

[Event "Fortaleza Alves Memorial 16th"]
[Site "Fortaleza"]
[Date "2012.05.19"]
[Round "3"]
[White "Freitas, Marcos Antonio da C"]
[Black "Amancio, Arnaldo Regis"]
[Result "1-0"]
[WhiteElo "1892"]
[BlackElo "1937"]
[PlyCount "53"]
[EventDate "2012.05.18"]
[EventType "swiss"]
[EventRounds "5"]
[EventCountry "BRA"]
[SourceTitle "CBM 148 Extra"]
[Source "ChessBase"]
[SourceDate "2012.06.22"]
[SourceVersion "1"]
[SourceVersionDate "2012.06.22"]
[SourceQuality "1"]

1. e4 e6 2. d4 d5 3. Nc3 Bb4 4. e5 c5 5. a3 Bxc3+ 6. bxc3 Ne7 7. Qg4 Qc7 8. Qxg7 Rg8 9. Qxh7 cxd4 10. Ne2 Nbc6 11. f4 Bd7 12. Bd2 Qb6 13. Qd3 dxc3 14. Nxc3 a6 15. Rb1 Qc7 16. Rg1 Na5 17. Ne2 Nc4 18. Bb4 Bb5 19. Qh7 Ba4 20. Nd4 Rc8 21. Kf2 a5 22. Bxe7 Qxe7 23. Qxg8+ Kd7 24. Rxb7+ Rc7 25. Rxc7+ Kxc7 26. Bxc4 dxc4 27. Rb1 1-0